000 01579nam a2200469 i 4500
001 7611
003 KOSZ 005
005 20191105104121.0
008 070307s1973 pl a f |000 0 pol
015 _aPB 1973/4424
035 _a991033351419705066
035 _a(PL-WaBN)b18932939-48omnis_nlop
035 _ab18932939
035 _a(OCoLC)749249555
035 _a(PL)b0000001893293
035 _a(EXLNZ-48OMNIS_NETWORK)9910124855205606
040 _aWA N
_cWA N
_dKOSZ 005/EC
041 1 _apol
_hrus
046 _k1973
080 _a538.9
100 1 _aBušmanov, Boris Nikolaevič.
_eAutor
245 1 0 _aFizyka ciała stałego /
_cB. N. Buszmanow, J. A. Chramov ; tł. Witold Kruczek.
246 1 _iTyt. oryg.:
_aFizika tverdogo tela
260 _aWarszawa :
_bWydawnictwa Naukowo-Techniczne,
_c1973.
300 _a293, [2] s. :
_bil. ;
_c23 cm.
336 _2rdacontent
_aTekst
_btxt
337 _2rdamedia
_aBez urządzenia pośredniczącego
_bn
338 _2rdacarrier
_aWolumin
_bnc
380 _aKsiążki
380 _aPublikacje dydaktyczne
385 _mPoziom nauczania
_aSzkoły wyższe
388 _a1973
504 _aBibliogr.
650 7 _aCiało stałe
_2DBN
658 _aFizyka i astronomia
700 1 _aChromov, Ûrij Alekseevič
_eAutor
700 1 _aKruczek, Witold.
_eTłumaczenie
710 2 _aWydawnictwa Naukowo-Techniczne
_4pbl
856 _uhttp://koha.tu.koszalin.pl/cgi-bin/koha/opac-detail.pl?biblionumber=7611
_yKatalog online BPK
942 _2UKD
_cKS
999 _c7611
_d7611